[Event "Sao Caetano do Sul-ch 2nd"]
[Site "Sao Caetano do Sul"]
[Date "2016.06.11"]
[Round "5"]
[White "Negrini, Mauro Rebellato"]
[Black "Xavier, Luciano"]
[Result "1-0"]
[WhiteElo "1696"]
[BlackElo "2005"]
[PlyCount "121"]
[EventDate "2016.06.04"]
[EventType "swiss"]
[EventRounds "6"]
[EventCountry "BRA"]
[SourceTitle "EXT 2017"]
[Source "ChessBase"]
[SourceDate "2016.10.25"]
[SourceVersion "1"]
[SourceVersionDate "2016.10.25"]
[SourceQuality "1"]

1. d4 d5 2. Bf4 c5 3. c3 Nc6 4. e3 a6 5. Nf3 Bg4 6. Nbd2 e6 7. Bd3 Nf6 8. h3 Bh5 9. Rc1 c4 10. Bb1 Bd6 11. Bxd6 Qxd6 12. 0-0 Bg6 13. Re1 Bxb1 14. Rxb1 b5 15. a3 0-0 16. Qc2 e5 17. dxe5 Nxe5 18. Nxe5 Qxe5 19. Nf3 Qe4 20. Re2 Rfd8 21. Rd1 Rd6 22. Ne1 Rad8 23. Rd4 Qxc2 24. Nxc2 Ne4 25. f3 Nc5 26. Ne1 Nb3 27. Rd1 Re8 28. Nc2 Nc5 29. Nb4 Red8 30. Red2 g6 31. Rxd5 Rxd5 32. Nxd5 Kg7 33. e4 f5 34. exf5 gxf5 35. Ne3 Rxd1+ 36. Nxd1 Nd3 37. g3 h5 38. Kg2 Kf6 39. f4 Ke6 40. Kf3 Kd5 41. g4 fxg4+ 42. hxg4 h4 43. g5 Ke6 44. Kg4 h3 45. Kxh3 Nxf4+ 46. Kg4 Ke5 47. Nf2 a5 48. Kf3 Kf5 49. Ne4 Nd3 50. Nd6+ Kxg5 51. Nxb5 Nxb2 52. Ke4 Kf6 53. Kd5 Ke7 54. Nd4 Kd7 55. Kc5 Kc7 56. Kb5 a4 57. Ne6+ Kd6 58. Nc5 Kd5 59. Nxa4 Nd1 60. Kb4 Nb2 61. Nxb2 1-0